[Event "RUS-ch Rapid Men 2018"]
[Site "Sochi"]
[Date "2018.10.06"]
[Round "9"]
[White "Savchenko, Boris"]
[Black "Matlakov, Maxim"]
[Result "1-0"]
[WhiteElo "2562"]
[BlackElo "2683"]
[Annotator "TA"]
[PlyCount "129"]
[EventDate "2018.10.05"]
[EventType "swiss"]
[EventCountry "RUS"]
[SourceTitle "playchess.com"]
[Source "ChessBase"]
[SourceQuality "1"]

{[%evp 16,129,-22,-35,-16,-34,0,0,0,0,0,6,12,31,109,111,108,105,104,109,121,126,134,116,129,125,131,100,106,91,112,98,133,108,99,117,157,148,158,10,10,17,26,0,0,0,0,0,54,0,0,0,0,0,0,0,0,0,0,0,0,0,0,0,747,750,375,625,272,6,6,0,0,0,29971,29951,29982,29983,29984,29985,29985,29986,29986,0,6,6,6,6,6,6,6,711,0,0,0,0,7,7,7,7,0,0,0,0,29979,29980,29980,29981,29981,29982,29982,29983,29990,29991,29991,29992]} 1. e4 e5 2. f4 d5 3. exd5 exf4 4. Nf3 Nf6 {[%cal Bg8f6,Bf6d5,Bd5e3][%mdl 32]} 5. Bb5+ c6 6. dxc6 Nxc6 7. d4 Bd6 8. O-O O-O 9. c3 {LiveBook: 6 Games. C36: King's Gambit Accepted: 3 Nf3 d5} Nd5 (9... Bg4 10. Nbd2 Bc7 11. Bd3 Re8 12. Qc2 Nd5 13. Nb3 g6 14. Bd2 Ne3 15. Bxe3 fxe3 16. h3 Bxf3 17. Rxf3 {½-½ (70) Zvjaginsev,V (2655)-Jakovenko,D (2745) Kazan 2014}) 10. Re1 $146 ({Predecessor:} 10. c4 Ne3 11. Bxe3 fxe3 12. Nc3 Bg4 13. c5 Be7 14. Bxc6 bxc6 15. Qa4 Bxf3 16. Rxf3 Bf6 17. Ne2 Qd5 18. Qb3 Rad8 19. Rd1 Qxb3 20. axb3 Rfe8 {½-½ (20) Bromberger,S (2521)-Haba,P (2503) Germany 2013}) 10... Bg4 11. Bd3 {The position is equal.} Re8 12. Nbd2 Ne3 13. Qe2 $1 Qd7 14. Ne4 Bf8 (14... Nd5 $14) 15. h3 Bh5 16. Bxe3 fxe3 17. g4 ({Inferior is} 17. Qxe3 f5 $17) 17... Bg6 18. Qxe3 Bd6 19. Qd2 Bc7 20. Nc5 Qd5 21. Bxg6 hxg6 22. Qg2 b6 23. Nd3 Qb5 24. Rxe8+ Rxe8 25. Re1 Re7 26. Rxe7 Nxe7 27. Nfe5 (27. Qe2 $1 $16 {[%cal Re2e7]} Kf8 28. b3) 27... f6 $11 {[%cal Rc7e5]} 28. c4 Qa6 29. Nc6 (29. Nb4 $5 {[%cal Rb4a6]} Qa5 30. Ned3 $16 (30. Qa8+ Kh7 $11)) 29... Nxc6 $1 30. Qxc6 Qxa2 31. Kf2 Qb1 (31... Qb3 $11) 32. Ke2 (32. Ke3 $14 Qg1+ 33. Kd2) 32... Qc2+ 33. Ke3 Bh2 34. Qh1 g5 35. c5 bxc5 36. dxc5 Bf4+ 37. Kd4 {[#]} Be5+ $1 {[%mdl 512]} 38. Nxe5 {White threatens Qa8+ and mate.} Qxb2+ 39. Kc4 {Qa8+ is the strong threat.} fxe5 $2 {[%mdl 12288] Endgame KQ-KQ} (39... Qxe5 $11 40. Qa8+ Kh7) 40. Qd5+ $18 Kh7 41. Qd3+ Kh6 42. Qd6+ $2 ({White should try} 42. Kd5 $18) 42... Kh7 $1 $11 43. c6 {And now c7 would win.} e4 44. c7 Qc2+ $2 {[%mdl 8192] [#]} (44... Qc1+ $11 45. Kb5 e3) 45. Kd4 $1 a5 46. Qd8 Qd3+ 47. Ke5 Qc3+ 48. Ke6 Qc6+ 49. Ke5 $2 (49. Ke7 {mates} Qf6+ 50. Kd7 Qd4+ 51. Ke8 Qb6 52. c8=Q Qg6+ 53. Kf8 Kh6 54. Qe8) 49... Qc5+ 50. Kxe4 Qc4+ 51. Ke3 {White wants to mate with Qd3+.} Qc5+ 52. Kd3 Qb5+ 53. Kd4 Qb4+ 54. Ke3 Qc5+ 55. Ke4 Qc4+ 56. Ke5 Qc5+ 57. Ke6 Qc4+ $1 58. Kd6 Qd4+ 59. Ke7 Qe5+ $2 {[%mdl 8192]} (59... Qe4+ $11 60. Kf8 Qf3+ 61. Ke8 Qe2+ 62. Qe7 Qc2) 60. Kf8 {White mates.} Qf4+ 61. Ke8 Qe4+ {[#]} 62. Qe7 $1 Qa8+ 63. Kd7 Qb7 64. Qc5 a4 65. Kd8 {Precision: White = 62%, Black = 52%.} 1-0

[Event "RUS-ch Rapid Men 2018"]
[Site "Sochi"]
[Date "2018.10.06"]
[Round "9"]
[White "Iljiushenok, Ilia"]
[Black "Chekhov, Sergei"]
[Result "1/2-1/2"]
[WhiteElo "2539"]
[BlackElo "2463"]
[Annotator "TA"]
[PlyCount "138"]
[EventDate "2018.10.05"]
[EventType "swiss"]
[EventCountry "RUS"]
[SourceTitle "playchess.com"]
[Source "ChessBase"]
[SourceQuality "1"]

{[%evp 17,138,61,72,72,72,75,77,64,69,33,26,0,58,58,74,76,66,78,70,71,81,50,40,0,24,-11,0,-21,-7,-1,4,-10,-24,-22,10,-42,-20,-18,0,-20,0,-35,-30,-42,-36,-117,-118,-114,-27,-72,0,0,0,-22,2,-50,59,3,23,19,37,30,65,25,27,21,54,0,0,0,7,7,61,0,8,0,0,0,0,-19,-17,-36,-15,-55,-59,-68,-8,-8,0,-8,0,-8,-8,-8,-8,-78,-8,-54,0,0,0,0,0,0,0,0,0,0,0,0,0,0,0,0,0,-8,-8,-8,-8,-8,-8,-8,-8]} 1. e4 c5 2. Nf3 e6 3. d4 cxd4 4. Nxd4 a6 5. Nc3 Qc7 6. Qf3 {B43: Sicilian: Kan Variation: 5 Nc3} (6. Bd3 Nf6 7. f4 Bb4 8. Bd2 Bxc3 9. Bxc3 Qxf4 10. Qe2 Nc6 11. Rf1 Qh4+ 12. g3 Qg4 13. Nxc6 dxc6 14. Rxf6 Qxe2+ 15. Kxe2 gxf6 16. Bxf6 {1-0 (32) Grischuk,A (2766)-Caruana,F (2816) Leuven 2018}) 6... Nc6 7. Be3 Bb4 8. Nxc6 Qxc6 9. Bd4 Nf6 {LiveBook: 3 Games} 10. Bd3 Be7 11. Qg3 d6 12. f4 $146 (12. Qxg7 Rg8 $11) ({Predecessor:} 12. e5 dxe5 13. Bxe5 Bd7 14. O-O-O Qc5 15. Ne4 Nxe4 16. Bxe4 O-O-O 17. Rd3 {1-0 (17) Cornette,M (2579)-Letreguilly,O (2306) Drancy 2016}) 12... Nh5 13. Qg4 Nf6 $1 {[%cal Rf6g4]} 14. Qg3 Nh5 $1 {[%cal Rh5g3]} 15. Qf3 Bf6 16. Ne2 Bxd4 17. Nxd4 Qb6 18. O-O-O Nf6 19. e5 Nd7 20. Nxe6 fxe6 21. Qh5+ Kd8 22. Qg5+ Kc7 23. Qxg7 Rf8 {[%cal Bh8f8,Bf8f4,Bf4f2][%mdl 32]} 24. Kb1 dxe5 25. fxe5 Qc5 26. Rhe1 (26. Bxh7 $11 Rf2 27. Rhe1) 26... Rf4 27. Qxh7 a5 28. Qh6 Qf8 29. Qxe6 {[#] And now Bb5 would win.} Nc5 30. Qg6 Be6 {[%mdl 1024] Black has compensation.} 31. g3 (31. Be2 $15) 31... Rf2 $17 32. h4 Qg8 (32... Rd8 $17 33. Qg5 Nxd3 34. cxd3 Kb8) 33. Qh6 Raf8 (33... Bxa2+ $17 34. Ka1 Be6) 34. Bc4 $1 $11 Kb8 35. Bxe6 Qxe6 36. Qe3 (36. Qxe6 $11 Nxe6 37. a3) 36... Qe7 (36... Qc4 $15 37. Qc3 Qxc3 38. bxc3 Na4) 37. Rd5 (37. e6 $14) 37... Rf1 38. a3 R8f3 39. Qc1 Qf7 40. Rdd1 ({But not} 40. Rxc5 $2 Rxe1 41. Qxe1 Rf1 $19) 40... Rxe1 41. Rxe1 Ne6 ({Don't go for} 41... Rxg3 $2 {[#]} 42. e6 $1 $18 {[%mdl 512]}) 42. Qd2 (42. Rg1 $14) 42... Rxg3 43. Qxa5 Rf3 44. Qd5 Rh3 (44... Rf5 $11) 45. Qc4 (45. Rh1 $14) 45... Qe7 46. Rg1 Rxh4 47. Rg8+ Ka7 48. Qd5 {[%cal Rd5a5]} Nc7 49. Qa5+ Na6 {Strongly threatening ...Rh1+.} 50. Rg1 Re4 $36 {[%mdl 2048] Black is more active.} 51. Re1 Rxe1+ ({Black should play} 51... Qc7 $15 52. Qd2 Qxe5 53. Qf2+ Qd4 54. Qxd4+ Rxd4) 52. Qxe1 Nc7 53. Qe3+ Kb8 54. c4 Ne6 {Threatening ...Qh4.} 55. Kc2 Nd8 56. Qd4 (56. b4 $11) 56... Kc7 ({Black should try} 56... Nf7 $17 57. e6 Qxe6) 57. c5 Nc6 (57... Qf7 $15) 58. Qd6+ {The position is equal.} Kc8 59. Qxe7 Nxe7 {[%mdl 4096] Endgame KN-KP} 60. Kd3 Kd7 61. b4 Kc6 62. Kc4 {Black must now prevent e6.} Kd7 63. b5 Ke6 64. a4 Kxe5 65. a5 Ke6 66. a6 bxa6 67. bxa6 Nc8 68. a7 Nxa7 69. c6 Nxc6 {Precision: White = 40%, Black = 53%.} 1/2-1/2

[Event "RUS-ch Rapid Men 2018"]
[Site "Sochi"]
[Date "2018.10.06"]
[Round "9"]
[White "Sychev, Klementy"]
[Black "Dubov, Daniil"]
[Result "0-1"]
[WhiteElo "2534"]
[BlackElo "2703"]
[Annotator "TA"]
[PlyCount "90"]
[EventDate "2018.10.05"]
[EventType "swiss"]
[EventCountry "RUS"]
[SourceTitle "playchess.com"]
[Source "ChessBase"]
[SourceQuality "1"]

{[%evp 10,90,33,18,41,33,60,67,99,79,65,70,69,71,85,60,87,45,48,42,71,62,68,62,95,0,0,0,0,0,0,-42,-52,-45,-20,-12,-18,-61,-75,-96,-91,-138,-83,-108,-55,-82,-66,-58,-60,-135,-151,-211,-204,-227,-213,-326,-306,-325,-337,-352,-341,-331,-321,-568,-568,-630,-552,-614,-262,-395,0,-543,-540,-556,-548,-1127,-1094,-2493,-2701,-29985,-29986,-29986,-29987]} 1. e4 g6 2. d4 d6 3. Nf3 Nf6 4. Nc3 Bg7 5. Bg5 O-O 6. Qd2 {LiveBook: 21 Games} Nc6 {B08: Pirc Defence: Classical System} 7. O-O-O Rb8 $146 ({Predecessor:} 7... a6 8. Bh6 Bg4 9. Bxg7 Kxg7 10. Qe3 Qb8 11. e5 Nd7 12. exd6 exd6 13. h3 Re8 14. Qf4 Bxf3 15. Qxf3 Qd8 16. Bc4 {0-1 (50) Safronov,K (2017)-Heberla,B (2525) Plovdiv 2012}) 8. d5 Nb4 {White is slightly better.} 9. Bh6 e5 10. dxe6 Bxe6 11. Bxg7 Kxg7 12. Kb1 Qe7 13. Nd4 Nc6 14. f3 Nxd4 15. Qxd4 Rfd8 16. g4 {[#] And now g5 would win.} c5 17. Qd2 (17. Qe3 $16) 17... d5 $1 $11 {[%cal Rd5e4] aiming for ...dxe4.} 18. g5 dxe4 19. gxf6+ Qxf6 20. Qe3 (20. Qe1 {with more complications.} exf3 21. Bd3 c4 22. Be4 f2 23. Qe2) 20... Rxd1+ ({Don't play} 20... exf3 $6 21. Bd3 $14) 21. Nxd1 Qxf3 22. Qxf3 exf3 23. Bd3 f5 {[%mdl 1024] Black has compensation.} 24. Re1 Kf6 25. Kc1 Rd8 ({Worse is} 25... Bxa2 26. b3 $14) (25... c4 $142 26. Bf1 g5) 26. b3 {[#]} Rd4 (26... g5 $1 $17 27. Nf2 h5) 27. Kd2 Rh4 28. Rh1 g5 {[%cal Bg6g5,Bg5g4][%mdl 32]} 29. Ke1 (29. Ke3 $15) 29... g4 $17 30. Nf2 (30. Kf2 $17) 30... Bd5 31. Kf1 Kg5 32. Kg1 (32. Ke1 $142) 32... Kf4 33. Kf1 Rh6 34. Ke1 Re6+ 35. Kd2 h5 {[%cal Bh7h5,Bh5h4][%mdl 32]} 36. Bf1 $2 (36. Rg1 {keeps fighting.} h4 37. Kc3) 36... Be4 $19 37. Rg1 h4 38. Bd3 Bc6 (38... Rd6 $142 39. a4 b6) 39. Bf1 (39. a3 $142) 39... Be4 40. Bd3 $1 b6 41. a4 a5 42. Bxe4 Rxe4 43. Nxe4 fxe4 44. Ke1 g3 45. hxg3+ hxg3 {Precision: White = 35%, Black = 68%.} 0-1

[Event "RUS-ch Rapid Men 2018"]
[Site "Sochi"]
[Date "2018.10.06"]
[Round "9"]
[White "Shcherbakov, Ruslan"]
[Black "Sergeyev, Alexander"]
[Result "1/2-1/2"]
[WhiteElo "2516"]
[BlackElo "2397"]
[Annotator "ChessBase"]
[PlyCount "44"]
[EventDate "2018.10.05"]
[EventType "swiss"]
[EventCountry "RUS"]
[SourceTitle "playchess.com"]
[Source "ChessBase"]
[SourceQuality "1"]
[TimeControl "900+10"]

1. e4 {[%emt 0:00:28]} e5 {[%emt 0:00:00]} 2. Nf3 {[%emt 0:00:02]} Nf6 {[%emt 0:00:00]} 3. Nxe5 {[%emt 0:00:06]} d6 {[%emt 0:00:00]} 4. Nf3 {[%emt 0:00:03]} Nxe4 {[%emt 0:00:00]} 5. d4 {[%emt 0:00:03]} d5 {[%emt 0:00:04]} 6. Bd3 {[%emt 0:00:05]} Nc6 {[%emt 0:00:01]} 7. O-O {[%emt 0:00:09]} Be7 {[%emt 0:00:03]} 8. Re1 {[%emt 0:00:28]} Bf5 {[%emt 0:00:10]} 9. Nbd2 {[%emt 0:00:10]} Nxd2 {[%emt 0:00:06]} 10. Qxd2 {[%emt 0:00:04]} Bg6 {[%emt 0:01:24]} 11. Ne5 {[%emt 0:03:52]} Nxe5 {[%emt 0:00:18]} 12. Rxe5 {[%emt 0:00:03]} O-O {[%emt 0:00:03]} 13. Bxg6 {[%emt 0:01:25]} hxg6 {[%emt 0:00:04]} 14. Qd3 {[%emt 0:00:17]} Bd6 {[%emt 0:00:28]} 15. Re3 {[%emt 0:00:26]} Qd7 {[%emt 0:04:56]} 16. Bd2 {[%emt 0:00:05]} Rfe8 {[%emt 0:00:13]} 17. Rae1 {[%emt 0:00:09]} Rxe3 {[%emt 0:00:24]} 18. Qxe3 {[%emt 0:03:54]} a6 {[%emt 0:02:35]} 19. b3 {[%emt 0:00:24]} Kf8 {[%emt 0:00:11]} 20. Qf3 {[%emt 0:00:21]} Re8 {[%emt 0:00:24]} 21. Rxe8+ {[%emt 0:00:09]} Kxe8 {[%emt 0:00:03]} 22. g4 {[%emt 0:00:26]} Qe6 1/2-1/2

[Event "RUS-ch Rapid Men 2018"]
[Site "Sochi"]
[Date "2018.10.06"]
[Round "9"]
[White "Potapov, Pavel"]
[Black "Tsvetkov, Andrey"]
[Result "1-0"]
[WhiteElo "2515"]
[BlackElo "2264"]
[Annotator "ChessBase"]
[PlyCount "87"]
[EventDate "2018.10.05"]
[EventType "swiss"]
[EventCountry "RUS"]
[SourceTitle "playchess.com"]
[Source "ChessBase"]
[SourceQuality "1"]
[TimeControl "900+10"]

1. e4 {[%emt 0:00:00]} c5 {[%emt 0:00:00]} 2. c3 {[%emt 0:00:00]} d5 {[%emt 0:00:00]} 3. exd5 {[%emt 0:00:00]} Qxd5 {[%emt 0:00:00]} 4. d4 {[%emt 0:00:00]} Nf6 {[%emt 0:00:00]} 5. Nf3 {[%emt 0:00:00]} Bg4 {[%emt 0:00:00]} 6. Be2 {[%emt 0:00:00]} e6 {[%emt 0:00:00]} 7. h3 {[%emt 0:00:00]} Bh5 {[%emt 0:00:00]} 8. O-O {[%emt 0:00:04]} Nc6 {[%emt 0:00:00]} 9. Be3 {[%emt 0:00:02]} cxd4 {[%emt 0:00:00]} 10. cxd4 {[%emt 0:00:01]} Be7 {[%emt 0:00:01]} 11. Nc3 {[%emt 0:00:02]} Qd6 {[%emt 0:00:01]} 12. Qb3 {[%emt 0:00:02]} O-O {[%emt 0:00:03]} 13. Rfd1 {[%emt 0:00:02]} Qb4 {[%emt 0:00:06]} 14. Qxb4 {[%emt 0:00:28]} Nxb4 {[%emt 0:00:02]} 15. g4 {[%emt 0:00:05]} Bg6 {[%emt 0:00:04]} 16. Ne5 {[%emt 0:00:05]} Nc2 {[%emt 0:01:02]} 17. Rac1 {[%emt 0:00:05]} Nxe3 {[%emt 0:00:05]} 18. fxe3 {[%emt 0:00:02]} Rac8 {[%emt 0:00:01]} 19. Bf3 {[%emt 0:00:16]} Rfd8 {[%emt 0:02:50]} 20. h4 {[%emt 0:02:44]} h6 {[%emt 0:00:49]} 21. Nxg6 {[%emt 0:01:56]} fxg6 {[%emt 0:00:02]} 22. Kg2 {[%emt 0:00:02]} Rd7 {[%emt 0:05:28]} 23. Nd5 {[%emt 0:00:50]} Rxc1 {[%emt 0:00:25]} 24. Nxe7+ {[%emt 0:00:01]} Rxe7 {[%emt 0:00:01]} 25. Rxc1 {[%emt 0:00:01]} e5 {[%emt 0:00:22]} 26. Rc8+ {[%emt 0:00:23]} Kh7 {[%emt 0:00:18]} 27. g5 {[%emt 0:01:42]} hxg5 {[%emt 0:01:32]} 28. hxg5 {[%emt 0:00:02]} Ne8 {[%emt 0:00:05]} 29. Bd5 {[%emt 0:01:59]} exd4 {[%emt 0:01:53]} 30. Rc1 {[%emt 0:00:17]} Nf6 {[%emt 0:00:49]} 31. gxf6 {[%emt 0:00:04]} gxf6 {[%emt 0:00:01]} 32. e4 {[%emt 0:00:27]} f5 {[%emt 0:00:17]} 33. Kf3 {[%emt 0:00:02]} Kg7 {[%emt 0:00:22]} 34. Rd1 {[%emt 0:01:19]} fxe4+ {[%emt 0:00:06]} 35. Bxe4 {[%emt 0:00:02]} Rf7+ {[%emt 0:00:01]} 36. Ke2 {[%emt 0:00:06]} Kf6 {[%emt 0:00:25]} 37. Rxd4 {[%emt 0:00:09]} Ke5 {[%emt 0:00:01]} 38. Ke3 {[%emt 0:00:06]} Rh7 {[%emt 0:00:02]} 39. Rd5+ {[%emt 0:00:06]} Ke6 {[%emt 0:00:01]} 40. Rg5 {[%emt 0:00:02]} Rh3+ {[%emt 0:00:03]} 41. Kd4 {[%emt 0:00:03]} Rh2 {[%emt 0:00:05]} 42. Rxg6+ {[%emt 0:00:02]} Kf7 {[%emt 0:00:01]} 43. Rg2 {[%emt 0:00:02]} Rh4 {[%emt 0:00:04]} 44. Rc2 {[%emt 0:00:13]} 1-0

[Event "RUS-ch Rapid Men 2018"]
[Site "Sochi"]
[Date "2018.10.06"]
[Round "9"]
[White "Demidov, Mikhail"]
[Black "Chigaev, Maksim"]
[Result "1/2-1/2"]
[WhiteElo "2514"]
[BlackElo "2599"]
[Annotator "ChessBase"]
[PlyCount "130"]
[EventDate "2018.10.05"]
[EventType "swiss"]
[EventCountry "RUS"]
[SourceTitle "playchess.com"]
[Source "ChessBase"]
[SourceQuality "1"]
[TimeControl "900+10"]

1. d4 {[%emt 0:00:00]} g6 {[%emt 0:00:00]} 2. g3 {[%emt 0:00:02]} Bg7 {[%emt 0:00:00]} 3. Bg2 {[%emt 0:00:01]} d6 {[%emt 0:00:02]} 4. Nf3 {[%emt 0:00:06]} Nf6 {[%emt 0:00:01]} 5. b3 {[%emt 0:00:01]} O-O {[%emt 0:01:04]} 6. Bb2 {[%emt 0:00:07]} e5 {[%emt 0:00:20]} 7. dxe5 {[%emt 0:00:03]} Nfd7 {[%emt 0:00:01]} 8. O-O {[%emt 0:01:53]} dxe5 {[%emt 0:00:10]} 9. Nfd2 {[%emt 0:00:12]} Na6 {[%emt 0:00:27]} 10. Nc4 {[%emt 0:00:20]} Re8 {[%emt 0:00:27]} 11. Qd2 {[%emt 0:00:21]} e4 {[%emt 0:07:39]} 12. Bxg7 {[%emt 0:00:32]} Kxg7 {[%emt 0:00:02]} 13. Nc3 {[%emt 0:00:11]} f5 {[%emt 0:00:00]} 14. Rad1 {[%emt 0:00:42]} Rb8 {[%emt 0:01:32]} 15. Nb5 {[%emt 0:00:26]} Qf6 {[%emt 0:00:29]} 16. Nxa7 {[%emt 0:00:26]} Ndc5 {[%emt 0:00:01]} 17. Nxc8 {[%emt 0:00:48]} Rbxc8 {[%emt 0:00:02]} 18. a3 {[%emt 0:00:07]} Rcd8 {[%emt 0:00:17]} 19. Qc1 {[%emt 0:00:02]} Ne6 {[%emt 0:00:47]} 20. Rxd8 {[%emt 0:02:48]} Rxd8 {[%emt 0:00:00]} 21. Rd1 {[%emt 0:00:01]} Nd4 {[%emt 0:01:56]} 22. Kf1 {[%emt 0:03:00]} Nc5 {[%emt 0:00:39]} 23. Qa1 {[%emt 0:03:11]} Nce6 {[%emt 0:00:50]} 24. e3 {[%emt 0:02:26]} b5 {[%emt 0:01:05]} 25. Na5 {[%emt 0:00:59]} Nxc2 {[%emt 0:00:13]} 26. Qxf6+ {[%emt 0:00:02]} Kxf6 {[%emt 0:00:01]} 27. Rxd8 {[%emt 0:00:01]} Nxd8 {[%emt 0:00:01]} 28. a4 {[%emt 0:00:00]} c6 {[%emt 0:00:52]} 29. Ke2 {[%emt 0:00:20]} Nb4 {[%emt 0:00:27]} 30. Kd2 {[%emt 0:00:28]} Nd5 {[%emt 0:00:06]} 31. Bf1 {[%emt 0:00:11]} bxa4 {[%emt 0:00:05]} 32. bxa4 {[%emt 0:00:01]} Nb6 {[%emt 0:00:01]} 33. Be2 {[%emt 0:00:24]} Nxa4 {[%emt 0:00:12]} 34. Nxc6 Nxc6 {[%emt 0:00:00]} 35. Bb5 {[%emt 0:00:08]} Ne5 {[%emt 0:00:01]} 36. Bxa4 {[%emt 0:00:02]} Nf3+ {[%emt 0:00:06]} 37. Ke2 {[%emt 0:00:08]} Nxh2 {[%emt 0:00:01]} 38. Bb5 {[%emt 0:00:11]} h5 {[%emt 0:00:23]} 39. Be8 {[%emt 0:00:02]} Kg7 {[%emt 0:00:34]} 40. Ke1 {[%emt 0:00:04]} Kh7 {[%emt 0:00:15]} 41. Ke2 {[%emt 0:00:03]} Kh6 {[%emt 0:00:01]} 42. Bd7 {[%emt 0:00:06]} Kg5 {[%emt 0:00:24]} 43. Be8 {[%emt 0:00:01]} Nf3 {[%emt 0:00:12]} 44. Kf1 {[%emt 0:00:05]} Ne5 {[%emt 0:00:02]} 45. Kg2 {[%emt 0:00:07]} Kg4 {[%emt 0:00:02]} 46. Bb5 {[%emt 0:00:13]} Kg5 {[%emt 0:00:35]} 47. Be8 {[%emt 0:00:11]} Kg4 {[%emt 0:00:09]} 48. Ba4 {[%emt 0:00:01]} g5 {[%emt 0:00:11]} 49. Bd1+ {[%emt 0:00:30]} Nf3 {[%emt 0:00:01]} 50. Be2 {[%emt 0:00:10]} h4 {[%emt 0:00:20]} 51. gxh4 {[%emt 0:00:20]} gxh4 {[%emt 0:00:02]} 52. Bxf3+ {[%emt 0:00:46]} exf3+ {[%emt 0:00:01]} 53. Kh2 {[%emt 0:00:01]} Kh5 {[%emt 0:00:16]} 54. Kh3 {[%emt 0:00:02]} Kg5 {[%emt 0:00:00]} 55. Kh2 {[%emt 0:00:01]} Kf6 {[%emt 0:00:25]} 56. Kh3 {[%emt 0:00:01]} Kg5 {[%emt 0:00:01]} 57. Kh2 {[%emt 0:00:01]} Kg4 {[%emt 0:00:12]} 58. Kg1 {[%emt 0:00:04]} Kh3 {[%emt 0:00:15]} 59. Kh1 {[%emt 0:00:01]} Kg4 {[%emt 0:00:06]} 60. Kh2 {[%emt 0:00:01]} h3 {[%emt 0:00:14]} 61. Kg1 {[%emt 0:00:04]} Kg5 {[%emt 0:00:07]} 62. Kh2 {[%emt 0:00:02]} Kh4 {[%emt 0:00:01]} 63. Kg1 {[%emt 0:00:01]} Kh5 {[%emt 0:00:02]} 64. Kh2 {[%emt 0:00:01]} Kg4 {[%emt 0:00:00]} 65. Kg1 {[%emt 0:00:01]} Kg5 {[%emt 0:00:06]} 1/2-1/2

[Event "RUS-ch Rapid Men 2018"]
[Site "Sochi"]
[Date "2018.10.06"]
[Round "9"]
[White "Khanin, Semen"]
[Black "Sakaev, Konstantin"]
[Result "1/2-1/2"]
[WhiteElo "2510"]
[BlackElo "2584"]
[Annotator "ChessBase"]
[PlyCount "59"]
[EventDate "2018.10.05"]
[EventType "swiss"]
[EventCountry "RUS"]
[SourceTitle "playchess.com"]
[Source "ChessBase"]
[SourceQuality "1"]
[TimeControl "900+10"]

1. e4 {[%emt 0:00:00]} c5 {[%emt 0:00:00]} 2. Nf3 {[%emt 0:00:00]} d6 {[%emt 0:00:00]} 3. d4 {[%emt 0:00:00]} cxd4 {[%emt 0:00:00]} 4. Nxd4 {[%emt 0:00:00]} Nf6 {[%emt 0:00:00]} 5. Nc3 {[%emt 0:00:00]} a6 {[%emt 0:00:00]} 6. f3 {[%emt 0:00:01]} e5 {[%emt 0:00:00]} 7. Nb3 {[%emt 0:00:02]} Be6 {[%emt 0:00:02]} 8. Be3 {[%emt 0:00:01]} Be7 {[%emt 0:00:03]} 9. Qd2 {[%emt 0:00:02]} O-O {[%emt 0:00:03]} 10. O-O-O {[%emt 0:00:14]} Nbd7 {[%emt 0:00:01]} 11. g4 {[%emt 0:00:02]} b5 {[%emt 0:00:01]} 12. g5 {[%emt 0:00:01]} Nh5 {[%emt 0:00:02]} 13. Nd5 {[%emt 0:00:03]} Bxd5 {[%emt 0:00:01]} 14. exd5 {[%emt 0:00:02]} f6 {[%emt 0:00:02]} 15. h4 {[%emt 0:00:04]} fxg5 {[%emt 0:00:14]} 16. hxg5 {[%emt 0:00:02]} Rxf3 {[%emt 0:00:03]} 17. Bd3 {[%emt 0:00:03]} g6 {[%emt 0:00:20]} 18. Rdg1 {[%emt 0:01:45]} Qf8 {[%emt 0:03:31]} 19. Be2 {[%emt 0:05:23]} Rxe3 {[%emt 0:02:41]} 20. Qxe3 {[%emt 0:00:11]} Qf4 {[%emt 0:00:01]} 21. Kd2 {[%emt 0:00:19]} Qxe3+ {[%emt 0:00:32]} 22. Kxe3 {[%emt 0:00:01]} Nf4 {[%emt 0:00:02]} 23. Bg4 {[%emt 0:02:42]} Nb6 {[%emt 0:00:22]} 24. Be6+ {[%emt 0:00:02]} Kg7 {[%emt 0:00:02]} 25. Ke4 {[%emt 0:00:51]} Nc4 {[%emt 0:02:18]} 26. Nd4 {[%emt 0:01:21]} Nd2+ {[%emt 0:02:44]} 27. Ke3 {[%emt 0:00:01]} Nc4+ {[%emt 0:00:03]} 28. Ke4 {[%emt 0:00:02]} Nd2+ {[%emt 0:02:45]} 29. Ke3 {[%emt 0:00:02]} Nc4+ {[%emt 0:00:01]} 30. Ke4 {[%emt 0:00:03]} 1/2-1/2

[Event "RUS-ch Rapid Men 2018"]
[Site "Sochi"]
[Date "2018.10.06"]
[Round "9"]
[White "Gabrielian, Artur"]
[Black "Mikhailovsky, Vladimir"]
[Result "1-0"]
[WhiteElo "2499"]
[BlackElo "2185"]
[Annotator "TA"]
[PlyCount "113"]
[EventDate "2018.10.05"]
[EventType "swiss"]
[EventCountry "RUS"]
[SourceTitle "playchess.com"]
[Source "ChessBase"]
[SourceQuality "1"]

{[%evp 9,113,22,42,12,12,6,14,0,15,0,40,3,31,19,40,41,48,35,63,67,71,71,73,77,72,70,78,74,91,87,78,67,224,212,199,205,196,205,231,240,261,218,197,158,185,180,222,193,245,241,264,268,407,400,468,437,408,315,400,380,393,200,207,212,201,246,648,853,1208,1177,1096,0,580,576,609,607,883,791,782,778,1502,1624,1343,250,262,0,1258,1109,5310,672,29979,29980,2817,779,29987,29988,29988,29989,29989,29990,29990,29991,29991,29992,29993,29994]} 1. e4 e5 2. Nf3 {[%cal Bg1f3,Bf3e5,Be5c4][%mdl 32]} d5 3. Nxe5 Bd6 4. d4 dxe4 5. Nc4 Nf6 {LiveBook: 7 Games} 6. Nc3 {C40: Latvian and Elephant Gambits} (6. Nxd6+ Qxd6 7. Be2 O-O 8. O-O Nc6 9. Be3 Nd5 10. Nd2 f5 11. c4 Nxe3 12. fxe3 Qh6 13. Rf4 Nxd4 {0-1 (32) Kabanov,N (2472)-Skatchkov,P (2486) Khanty-Mansiysk 2013}) 6... O-O 7. Be2 Nc6 8. Be3 {The position is equal.} Re8 9. Nxd6 $146 ({Predecessor:} 9. O-O Nb4 10. Nxd6 Qxd6 11. Nb5 Qe7 12. c4 c6 13. Nc3 a5 {1-0 (35) Eric,J (2166)-Aksoy,A (1758) Skopje 2015}) 9... Qxd6 10. O-O Ne7 11. Qd2 Ned5 12. Nb5 Qe7 13. c4 Nxe3 14. fxe3 c6 15. Nc3 Bg4 16. Bxg4 Nxg4 17. Rf4 Nf6 18. Raf1 Rad8 19. Qf2 h6 20. Rf5 Qe6 $2 {[#]} (20... b6 $14) 21. Qg3 $18 Kh8 22. Qh4 Nh7 23. Rxf7 Qxc4 24. Rxb7 Rb8 25. Rxb8 $40 {[%mdl 128] White wants a kill.} Rxb8 26. Qxe4 Nf6 27. Qc2 Re8 28. Rf3 c5 (28... Ne4 $142 29. Rf4 Nxc3 30. bxc3 c5) 29. Qg6 Qe6 30. dxc5 Rc8 (30... Qe5 $142 31. Qf5 Qb8) 31. Qf5 Qe8 32. h3 a5 33. e4 Rc6 34. Rd3 Re6 35. Rd8 (35. Kh1 $142) 35... Qxd8 36. Qxe6 Qd4+ 37. Kh2 Qf2 $2 (37... Qxc5 38. e5 Ng8) 38. Qc8+ Ng8 39. Nd5 Qd4 40. Nc3 $2 (40. Qc7 $18 Qd3 41. c6) 40... Qe5+ $2 {[%mdl 8192]} (40... Qf2 $11) 41. Kh1 Qf4 {intending ...Qc1+.} 42. Qf5 Qc1+ 43. Kh2 Qxb2 44. Nd5 {[#] Strongly threatening c6.} Qc2 45. Nf4 {White wants to mate with Ng6+.} Nf6 46. Qc8+ $2 (46. Ng6+ Kg8 47. Qc8+ Kh7 48. Nf8+ Kh8 49. Ne6+ Ng8 50. Qc7) 46... Kh7 47. Qf5+ $2 (47. Qe6) 47... Kh8 $1 48. Ng6+ Kh7 49. c6 (49. Ne7+ $142 Kh8 50. c6) 49... h5 50. Ne7+ Kh8 51. e5 (51. Qc8+ $142 Kh7 52. c7 Qxe4 53. Qf5+ Qxf5 54. Nxf5) 51... Qc5 52. exf6 {White mates.} Qd6+ 53. Kg1 {[%cal Rf5h5]} Qd4+ 54. Qf2 Qd1+ 55. Kh2 Qd6+ 56. Qg3 Qxf6 57. c7 {Precision: White = 68%, Black = 35%.} 1-0